Advanced engineering mathematics (Record no. 14438)

MARC details
000 -LEADER
fixed length control field 00478nam a2200181Ia 4500
008 - FIXED-LENGTH DATA ELEMENTS--GENERAL INFORMATION
fixed length control field 230917s9999||||xx |||||||||||||| ||und||
020 ## - ISBN
Price RS520
040 ## - CATALOGING SOURCE
-- 224003
Original cataloging agency VIVEKANANDA LIBRARY
041 ## - Language
-- English
082 ## - DDC NUMBER
Classification number 510.2462 J199A(4)
100 ## - MAIN ENTRY--PERSONAL NAME
Personal name Jain, R K
245 #0 - TITLE STATEMENT
Title Advanced engineering mathematics
250 ## - EDITION STATEMENT
Edition statement 4th ed.
260 ## - PUBLICATION, DISTRIBUTION, ETC. (IMPRINT)
Place of publication, distribution, etc New Delhi
Name of publisher, distributor, etc Narosa Publishing House
Date of publication, distribution, etc 2014
300 ## - PHYSICAL DESCRIPTION
Pages v. p.
500 ## - GENERAL NOTE
General note 1932 05/02/2015 HBD 6291 18/02/2015 Main Budget
942 ## - ADDED ENTRY ELEMENTS (KOHA)
Koha item type Books
Holdings
Withdrawn status Lost status Damaged status Not for loan Location (home branch) Sublocation or collection (holding branch) Shelving location Date acquired Koha issues (times borrowed) Koha full call number Accession No. Koha date last seen Koha item type
        VIVEKANANDA LIBRARY VIVEKANANDA LIBRARY UIET Library 13/04/2015   510.2462 J199A(4) 341970 17/09/2023 Books
        VIVEKANANDA LIBRARY VIVEKANANDA LIBRARY UIET Library 13/04/2015   510.2462 J199A(4) 341971 17/09/2023 Books
        VIVEKANANDA LIBRARY VIVEKANANDA LIBRARY UIET Library 13/04/2015 1 510.2462 J199A(4) 341972 16/06/2025 Books
        VIVEKANANDA LIBRARY VIVEKANANDA LIBRARY UIET Library 13/04/2015 2 510.2462 J199A(4) 341973 12/05/2025 Books
        VIVEKANANDA LIBRARY VIVEKANANDA LIBRARY UIET Library 13/04/2015   510.2462 J199A(4) 341974 17/09/2023 Books
© Designed and Maintained by Vivekananda Library, MDU Rohtak